Ciencias Sociales en América Latina y el Caribe

Kaydedildi:
Detaylı Bibliyografya
Müşterek Yazar: CLACSO
Materyal Türü: Metin
Baskı/Yayın Bilgisi: Buenos Aires: CENEDIC. CLACSO
Etiketler: Etiketle
Etiket eklenmemiş, İlk siz ekleyin!

MARC

LEADER 00000 a a2200000 04500
001 29873
003
040
090 |a 194115  |b RECURSO ELECTRONICO  
110 |a CLACSO  
245 |a Ciencias Sociales en América Latina y el Caribe  
260 |a Buenos Aires:   |b CENEDIC. CLACSO  
500 |a También impreso No. de acceso 14560Debe ser instaladoTambién impreso No. de acceso 14560Debe ser instalado  
999 |c 2056  |d 2056